[Event "AUT-ch Open 2020"]
[Site "Graz"]
[Date "2020.02.17"]
[Round "4.32"]
[White "Neuschmied, Siegfried"]
[Black "Banzea, Alexandru-Bogdan"]
[Result "0-1"]
[WhiteElo "2368"]
[BlackElo "2368"]
[Annotator "TA"]
[PlyCount "86"]
[EventDate "2020.02.14"]
[EventType "swiss"]
[EventCountry "AUT"]
[SourceTitle "playchess.com"]
[Source "ChessBase"]
[SourceQuality "1"]

{[%evp 9,86,25,30,18,23,0,0,0,27,0,23,27,27,24,32,25,73,69,73,69,71,71,99,59,90,67,92,75,83,46,129,83,122,131,131,132,133,133,126,77,119,119,128,123,128,131,271,89,85,79,98,73,85,62,62,59,56,0,0,0,22,25,43,0,36,11,16,-786,-782,-800,-795,-766,-787,-780,-770,-744,-733,-695,-696]} 1. e4 c5 2. Nf3 d6 3. Bb5+ Nd7 4. O-O a6 5. Bd3 Ngf6 6. Re1 {B51: Sicilian: Moscow Variation (3 Bb5+) without 3...Bd7.} g6 7. a4 b6 8. c3 {[#] The position is equal.} Qc7 $146 ({Predecessor:} 8... Bb7 9. Na3 Bg7 10. Qe2 O-O 11. Bc2 e5 12. Nc4 d5 13. Nd6 Bc6 14. d4 Nxe4 15. Nxe4 dxe4 16. Nxe5 Nxe5 17. dxe5 {0-1 (28) Xu,Y (2430)-Grandelius,N (2643) Doha 2016}) 9. b3 Ne5 10. Be2 Bg7 ({Don't go for} 10... Nxe4 $2 11. Nxe5 Nxf2 12. Kxf2 $18) 11. d4 Nxf3+ 12. Bxf3 {Hoping for e5.} e5 13. dxe5 dxe5 14. c4 O-O 15. Nc3 Bd7 16. Bb2 Bc6 17. Qc2 h5 18. Rad1 Nh7 19. Qc1 Bf6 (19... Rfe8 $14) 20. Rd3 Ng5 {[#]} 21. Bxh5 $1 {[%mdl 512]} Ne6 (21... gxh5 22. Rg3) 22. Bg4 Bg5 23. Qd1 {Bxe6 is the strong threat.} Nd4 24. Bh3 Rad8 25. Nd5 Bxd5 26. cxd5 Kg7 27. g3 b5 {[#]} (27... Rfe8 $16 {was called for.} 28. Rc3 Rh8) 28. Bxd4 $2 (28. f4 $1 $18 {[%mdl 512] has better winning chances.} Rh8 (28... exf4 29. b4) 29. Bg2 (29. fxg5 Rxh3 30. Bxd4 cxd4 $16) (29. Bxd4 cxd4 30. fxg5 Rxh3 $16)) 28... cxd4 $16 29. axb5 axb5 30. Qg4 Bh6 31. Ra1 Ra8 32. Qd1 b4 33. Bf1 (33. Rxa8 $14 Rxa8 34. Bf1) 33... Ra3 $1 $11 34. Rf3 Rfa8 35. Rb1 Ra2 36. Bc4 {next d6! is good for White.} f6 37. Rd3 Qd7 38. Kg2 $2 {[%mdl 8192]} (38. Qf3 $11) 38... Be3 $1 $19 {Black is clearly winning.} 39. Rxe3 dxe3 40. Be2 Rd2 41. Qf1 Raa2 42. Re1 exf2 43. Qxf2 {[#]} Qg4 $1 {[%mdl 576] Pin. Accuracy: White = 61%, Black = 68%.} 0-1

[Event "AUT-ch Open 2020"]
[Site "Graz"]
[Date "2020.02.17"]
[Round "4.33"]
[White "Barp, Alberto"]
[Black "Yeritsyan, Aram"]
[Result "1/2-1/2"]
[WhiteElo "2283"]
[BlackElo "2283"]
[Annotator "TA"]
[PlyCount "109"]
[EventDate "2020.02.14"]
[EventType "swiss"]
[EventCountry "AUT"]
[SourceTitle "playchess.com"]
[Source "ChessBase"]
[SourceQuality "1"]

{[%evp 13,109,13,13,5,16,0,0,0,14,6,10,10,10,10,12,12,26,0,4,0,0,2,8,10,18,17,14,21,29,11,15,18,32,7,31,26,28,19,20,25,37,14,34,15,28,12,18,18,12,14,27,14,41,35,44,44,41,41,39,20,20,20,27,20,26,20,20,21,24,20,28,14,28,13,14,0,14,7,7,7,7,7,22,8,8,8,12,5,6,8,24,24,24,19,24,25,26,26]} 1. d4 d5 2. c4 c6 3. Nf3 Nf6 4. Qb3 dxc4 5. Qxc4 Bf5 6. g3 e6 7. Bg2 Be7 8. O-O {D23: Queen's Gambit Accepted: 3 Nf3 Nf6 sidelines.} O-O 9. Qb3 Qb6 10. Nbd2 {[%cal Bb1d2,Bd2c4,Bc4d6][%mdl 32] The position is equal.} Nbd7 11. Nc4 Qa6 12. Bf4 Nb6 13. Bd6 Bxd6 14. Nxd6 Bg6 {[#]} 15. Rfc1 $146 ({Predecessor:} 15. Ne5 Rad8 16. Qb4 Nfd5 17. Bxd5 exd5 18. a4 Qxe2 19. Rfe1 Qh5 20. Nxb7 Rb8 21. a5 {1-0 (34) Ju,W (2576)-Sebag,M (2450) Skolkovo 2019}) 15... Rfd8 16. Nc4 Be4 17. e3 Nxc4 18. Qxc4 Qxc4 19. Rxc4 a5 20. Ne5 Bd5 21. Rc3 Bxg2 22. Kxg2 a4 23. Rac1 Rd5 24. Ra3 Rda5 25. Nd3 Nd7 26. Rc4 R8a7 27. Kf3 Kf8 28. Ke2 Ke7 29. Kd2 Nb6 30. Rc2 Nd7 31. h4 h5 32. Nc5 Nxc5 33. Rxc5 $11 {[%mdl 4096] Endgame KRR-KRR} Kd6 34. b4 Rxc5 35. dxc5+ $14 {KR-KR} Kc7 36. Rd3 b6 37. cxb6+ Kxb6 38. Rd8 c5 39. Rb8+ Kc7 40. Rb5 cxb4 41. Rxb4 Kc6 42. Kc3 Kc5 43. a3 g6 44. Re4 Kd5 45. Rc4 e5 46. e4+ Kd6 47. Kd3 f5 48. Ke3 Ra5 49. Rb4 {[#] Black must now prevent Rb6+.} Ra6 50. f3 Ke6 51. f4 exf4+ 52. Kxf4 fxe4 53. Kxe4 Kf6 54. Kf4 Ra5 55. g4 {Accuracy: White = 97%, Black = 98%.} 1/2-1/2

[Event "AUT-ch Open 2020"]
[Site "Graz"]
[Date "2020.02.17"]
[Round "4.34"]
[White "Leisch, Lukas"]
[Black "Ninov, Dayan"]
[Result "0-1"]
[WhiteElo "2242"]
[BlackElo "2242"]
[Annotator "TA"]
[PlyCount "64"]
[EventDate "2020.02.14"]
[EventType "swiss"]
[EventCountry "AUT"]
[SourceTitle "playchess.com"]
[Source "ChessBase"]
[SourceQuality "1"]

{[%evp 9,102,48,33,18,27,6,50,-10,-8,-75,17,8,26,20,12,0,25,13,109,95,97,85,108,90,138,132,168,176,195,176,139,143,129,131,137,137,149,142,228,170,178,0,0,-118,-104,-213,-185,-185,27,38,195,201,737,740,742,742,717,593,503,0,0,0,0,0,0,-52,-50,-92,-87,-101,0,-70,-82,-303,-321,-783,-777,-970,-937,-4147,-4147,-4145,-4145,-4137,-4137,-2795,-2375,-4137,-4137,-4108,-4084,-4622,-4622,-1750,-1690]} 1. c4 g6 2. e4 Bg7 3. d4 Nc6 4. d5 Nd4 5. Nc3 e5 6. Nge2 {A40: Unusual replies to 1 d4.} c5 7. h4 {[#]} h6 $146 ({Predecessor:} 7... d6 8. h5 f5 9. Be3 Nf6 10. hxg6 hxg6 11. Rxh8+ Bxh8 12. Bg5 Qa5 13. Bxf6 Bxf6 {0-1 (49) Zollstab,J (2027)-Muenster,M (1904) Germany 2011}) 8. Qd3 (8. Nxd4 $14 cxd4 9. Nb5) 8... d6 $11 9. g3 (9. h5 $11) 9... Ne7 (9... f5 $1 $17) 10. Bg2 a6 11. O-O Bd7 12. Be3 Qc8 13. b4 cxb4 (13... O-O $11) 14. Nxd4 $16 bxc3 15. Nb3 Qc7 16. a4 b6 17. a5 bxa5 18. Nxa5 f5 19. Qxc3 O-O 20. Rfc1 f4 21. Bd2 $1 g5 22. hxg5 hxg5 23. c5 Bb5 (23... dxc5 $16 {might work better.} 24. Nb3 (24. Qxc5 Qxc5 25. Rxc5 Rfc8 $16) 24... c4) 24. cxd6 Qxd6 {[#]} 25. Qc7 $2 ({Better is} 25. Qb3 $1 $18 {Threatens to win with Bb4.} Kh7 26. Bb4) 25... Qf6 $11 {White must now prevent ...fxg3.} 26. gxf4 (26. Qc3 $11 {keeps the balance.}) 26... gxf4 $17 27. Bb4 (27. Nc6 $17 Nxc6 28. dxc6) 27... Rf7 28. Qd6 Qh4 $2 (28... Qg5 $19 29. f3 Nc8) 29. Qe6 $36 {[%mdl 2048] Hoping for Rc7. Black is under pressure.} Bf6 $2 (29... f3 $14 30. Bxf3 Qg5+ 31. Qg4 Bh6 32. Qxg5+ Bxg5) 30. Ra3 $18 Kg7 $2 (30... Ng6) 31. Rh3 Qg5 32. Rc7 Be2 {Played: Ra8-c8} 0-1

[Event "AUT-ch Open 2020"]
[Site "Graz"]
[Date "2020.02.17"]
[Round "4.35"]
[White "Giannoulakis, Lampros"]
[Black "Chylewski, Patryk"]
[Result "1-0"]
[WhiteElo "2266"]
[BlackElo "2266"]
[Annotator "TA"]
[PlyCount "99"]
[EventDate "2020.02.14"]
[EventType "swiss"]
[EventCountry "AUT"]
[SourceTitle "playchess.com"]
[Source "ChessBase"]
[SourceQuality "1"]

{[%evp 20,99,17,11,14,32,29,26,24,15,25,13,11,11,24,20,38,42,23,0,34,44,39,27,137,141,128,141,142,136,143,147,148,158,152,169,169,110,118,86,154,139,175,180,246,246,246,246,218,225,319,279,370,355,402,383,299,272,279,213,200,169,364,204,203,208,436,421,431,380,447,471,1429,1270,1120,1176,29984,29984,29991,29992,29992,29993]} 1. d4 Nf6 2. c4 e6 3. Nf3 b6 4. g3 Bb7 5. Bg2 c5 6. d5 exd5 7. Nh4 g6 8. Nc3 Bg7 9. O-O O-O 10. cxd5 d6 11. e4 Re8 {E16: Queen's Indian: 4 g3 Bb7 5 Bg2 Bb4+.} 12. Re1 Nbd7 13. Bf1 a6 {White has an edge.} 14. a4 Rc8 {[#]} 15. Ng2 $146 ({Predecessor:} 15. Nf3 Ng4 16. Bg5 Qc7 17. Nd2 h5 18. h3 Nge5 19. f4 f6 20. fxe5 fxg5 21. e6 {0-1 (33) Hoeksema,H (2340)-Lecomte,R (2256) Netherlands 2014}) 15... c4 16. f3 b5 17. axb5 axb5 18. Be3 $1 b4 19. Na4 Qc7 20. Rc1 Ba6 21. b3 Bb5 (21... Qa5 $1 $11 {remains equal.}) 22. Bxc4 $16 Qa5 23. Bxb5 Qxb5 24. Rxc8 Rxc8 25. Qe2 Qxe2 26. Rxe2 Ne5 27. Ne1 Nfd7 28. h3 (28. Bd2 $18) 28... f5 29. f4 Nf7 (29... Nc4 $142 30. bxc4 fxe4) 30. exf5 gxf5 31. Nc2 Nc5 (31... h5 $142 32. Nxb4 Nf6) 32. Nxb4 $18 Nxb3 {...Rc4 would now be nice for Black.} 33. Nc6 Re8 34. Kf2 Re4 (34... h6 $142 35. Nb6 h5) 35. Nb6 Bf6 36. Nd7 Kg7 37. Nxf6 Kxf6 38. Bb6 Nc5 39. Rxe4 Nxe4+ {[%mdl 4096] Endgame KBN-KNN} 40. Kf3 {[#] Threatens to win with Bd4+.} Nc5 $2 (40... Nh6 {was worth a try.} 41. Ba5 Ng8) 41. Ba5 (41. Ke3 $142) 41... Nh6 42. g4 {g5+ is the strong threat.} fxg4+ $2 (42... Kf7 {was necessary.} 43. Bb4 Nb7) 43. hxg4 Kf7 44. Bc7 Nb7 45. Bb6 Ng8 (45... Kg7 $142 46. Be3 Kf8) 46. g5 Kg6 47. Kg4 Nc5 48. Bxc5 {White mates.} dxc5 49. d6 h5+ 50. Kf3 {Accuracy: White = 80%, Black = 41%.} 1-0

[Event "AUT-ch Open 2020"]
[Site "Graz"]
[Date "2020.02.17"]
[Round "4.36"]
[White "Stoleriu, George"]
[Black "Golecki, Jan"]
[Result "1/2-1/2"]
[WhiteElo "2112"]
[BlackElo "2112"]
[Annotator "TA"]
[PlyCount "80"]
[EventDate "2020.02.14"]
[EventType "swiss"]
[EventCountry "AUT"]
[SourceTitle "playchess.com"]
[Source "ChessBase"]
[SourceQuality "1"]

{[%evp 17,80,36,55,43,53,0,4,-31,33,29,67,74,123,93,147,148,163,110,120,101,147,133,176,170,180,141,140,125,128,146,240,233,299,296,372,369,414,304,309,309,310,336,318,331,317,319,302,174,187,-2,-29,-25,-16,-66,-50,-268,-271,-268,-258,-262,0,-159,0,-218,0]} 1. Nf3 Nf6 2. c4 d6 3. d4 Nbd7 4. g3 c6 5. Bg2 g6 6. O-O Bg7 7. b3 O-O 8. Bb2 Qc7 {8...Re8 deserves study.} 9. Nc3 a5 10. e4 {A49: 1 d4 Nf6 2 Nf3 g6 3 g3: Anti-King's Indian systems.} Re8 {[#]} 11. a3 $146 ({Predecessor:} 11. Re1 e5 12. dxe5 dxe5 13. Ba3 Bf8 14. Bxf8 Nxf8 15. Rc1 Bg4 16. h3 Rad8 17. Qe2 Bc8 18. Red1 Ne6 19. Qb2 Nd4 20. Ne1 Qe7 {1-0 (47) Janevski,I-Sarlamanov,P (2270) Skopje 1993}) 11... e5 12. d5 {The position is equal.} Nb6 (12... Nc5 $15) 13. a4 $14 Nh5 14. Ba3 c5 15. Nh4 Bf6 (15... Qe7 $142) 16. Nf5 $36 {[%mdl 2048] White is in control.} Bd7 17. Nb5 ({White should play} 17. Qf3 $18) 17... Bxb5 18. cxb5 Nc8 19. Bb2 Kh8 20. Ne3 Bg7 21. Qc2 Nb6 22. Rae1 Qe7 23. Bc3 Qg5 (23... Kg8 $16 24. Qd2 Bh6) 24. Qd2 $18 f5 25. Bxa5 Nd7 26. Nc4 Qf6 27. exf5 gxf5 28. Bf3 Bh6 29. Qc2 Nf4 30. Bc7 (30. gxf4 Bxf4 31. h3 Rg8+ 32. Kh1 Rg6 $16) 30... e4 31. Nxd6 Rg8 32. Bg2 ({Less strong is} 32. Nxb7 Nd3 $16) (32. Nxe4 $142 fxe4 33. Bxe4 (33. Bxf4 exf3 34. Bxh6 Qxh6 $14)) 32... Nxd5 33. Nxb7 $2 (33. Nxf5 $1 $18 Qxf5 34. Bxe4) 33... Nxc7 $11 34. Rd1 Ne5 {Threatening ...Ne6.} 35. Rd6 Ne6 $1 {[#] ...Bf8 is the strong threat.} 36. a5 $2 (36. Nxc5 $15 Rac8 37. b4 (37. Rxe6 $2 Qxe6 38. Nxe6 Rxc2 $19)) 36... Bf8 $19 37. Rb6 Nd7 38. Rc6 Ne5 39. Rb6 Nd7 (39... Qf7 $17 {Strongly threatening ...Nd4.} 40. Nd6 Bxd6 41. Rxd6 Rgc8) 40. Rc6 Ne5 $2 {Accuracy: White = 55%, Black = 52%.} (40... Qe5 $19 41. b4 cxb4) 1/2-1/2

[Event "AUT-ch Open 2020"]
[Site "Graz"]
[Date "2020.02.18"]
[Round "5.1"]
[White "Vorobiov, Evgeny E."]
[Black "Gajek, Radoslaw"]
[Result "0-1"]
[WhiteElo "2520"]
[BlackElo "2438"]
[Annotator "TA"]
[PlyCount "66"]
[EventDate "2020.02.14"]
[EventType "swiss"]
[EventCountry "AUT"]
[SourceTitle "playchess.com"]
[Source "ChessBase"]
[SourceQuality "1"]

{[%evp 12,72,34,22,36,27,24,24,35,28,18,25,26,14,27,22,33,0,0,0,0,0,0,0,0,0,0,0,0,-45,-54,-76,-73,-93,-85,-87,-50,-62,-50,-55,-47,-53,-45,-47,-45,-47,-42,-68,-71,-191,-123,-361,-227,-208,-129,-264,-257,-1347,-1298,-1522,-1444,-1272,-1181]} 1. c4 Nf6 2. Nc3 e6 3. e4 d5 4. cxd5 exd5 5. e5 Ne4 6. Nf3 Nc6 7. Bb5 Be7 {A18: English Opening: Flohr-Mikenas System (1 c4 Nf6 2 Nc3 e6 3 e4).} 8. O-O O-O 9. d4 Bf5 {White has an edge.} 10. Be3 Nxc3 11. bxc3 Na5 12. Nd2 {[#]} c5 $146 ({Predecessor:} 12... Rc8 13. f4 c5 14. g4 Bd7 15. Bxd7 Qxd7 16. f5 cxd4 17. Bxd4 Rfe8 18. Nf3 Rc4 {½-½ (66) Gelfand,B (2697)-Oparin,G (2602) Moscow 2017}) 13. dxc5 Rc8 {[%cal Ba8c8,Bc8c3,Bc3c2,Bc2b2][%mdl 32]} 14. Bd4 (14. Qf3 $5 {[%cal Rf3f5]} Bg6 15. Nb3 $11) 14... Bxc5 15. Nf3 Be4 16. Re1 Bxd4 17. cxd4 Rc3 18. Qd2 Rc2 19. Qf4 Rb2 20. Be2 Nc6 21. Qe3 Qb6 22. Bd3 Bxf3 23. Qxf3 Nxd4 24. Qxd5 Rd8 25. Qe4 g6 26. Rab1 Ne6 27. Rxb2 Qxb2 28. Bf1 $1 Rd2 29. Rb1 Qxa2 30. Rxb7 (30. Qxb7 $17 Rxf2 31. Qb3) 30... Rd1 (30... Rxf2 $19 31. Qe1 Rf5) 31. Rb4 $2 (31. h4 $17 {only move.}) 31... Qa1 {[%csl Ga1][%cal Rd1f1] [#]} 32. Qc4 Qxe5 {Strongly threatening ...Nd4.} 33. g3 (33. Qe4 $17 Qa1 34. Qe2) 33... Nd4 {Played: Qe5-e1} 0-1

[Event "AUT-ch Open 2020"]
[Site "Graz"]
[Date "2020.02.18"]
[Round "5.1"]
[White "Modler, Andreas"]
[Black "Lodici, Lorenzo"]
[Result "0-1"]
[WhiteElo "2225"]
[BlackElo "2492"]
[Annotator "TA"]
[PlyCount "86"]
[EventDate "2020.02.14"]
[EventType "swiss"]
[EventCountry "AUT"]
[SourceTitle "playchess.com"]
[Source "ChessBase"]
[SourceQuality "1"]

{[%evp 9,86,0,0,0,12,0,0,0,0,0,1,-10,48,4,4,6,11,14,21,18,0,0,-6,-8,-8,-15,-13,-10,-21,-21,-4,-8,-10,-99,-97,-97,-93,-231,-232,-239,-216,-233,-220,-212,-173,-214,-210,-271,-275,-272,-260,-275,-263,-263,-263,-374,-364,-351,-354,-470,-470,-652,-645,-1171,-1206,-1193,-1190,-1187,-1149,-1070,-816,-787,-775,-29992,-29993,-29993,-29994,-29994,-29995]} 1. c4 c5 2. Nf3 Nc6 3. d4 cxd4 4. Nxd4 Nf6 5. g3 e5 6. Nb5 {A31: Symmetrical English: 2 Nf3 Nf6 3 d4.} Bb4+ 7. N1c3 d6 8. a3 {The position is equal.} Bxc3+ $1 9. Nxc3 Be6 10. Bg2 {[#]} Rc8 $146 (10... Bxc4 $11 11. Bg5 O-O) ({Predecessor:} 10... Bxc4 11. Bg5 O-O 12. Rc1 Rc8 13. O-O Nd4 14. Bxb7 Rb8 15. Bd5 Nxd5 16. Bxd8 Nxc3 17. bxc3 Nxe2+ {½-½ (33) Vitiugov,N (2730)-Leko,P (2691) Linares 2018}) 11. O-O Bxc4 12. Qa4 d5 13. b3 d4 14. Qxc4 {Threatens to win with Ne4.} dxc3 15. Qxc3 Nd4 $1 {[%cal Rd4e2]} 16. Qe3 O-O 17. Ra2 Nd5 18. Bxd5 $1 ({Don't play} 18. Qxe5 Nc3 $17) 18... Qxd5 19. Rd2 $1 Rfd8 20. Rfd1 Rc2 $36 {[%mdl 2048] Black is more active.} 21. Qd3 {[#]} (21. h4 $11) 21... Rxd2 $1 $17 22. Rxd2 Qc6 23. Bb2 {[#]} (23. Qc4 $17) 23... Nf3+ $1 $19 {[%mdl 512]} 24. exf3 (24. Qxf3 Rxd2) 24... Rxd3 25. Rxd3 {[%mdl 4096] Endgame Intending Rd8+ and mate. KQ-KRB} f6 {Hoping for ...Qc2.} 26. Rc3 Qd7 27. Kg2 h6 28. Bc1 Qd4 29. Rc8+ Kh7 30. b4 Qd7 31. Rc3 g5 32. g4 {[#]} (32. Be3 {was worth a try.}) 32... e4 $1 {[%mdl 512]} 33. h3 (33. fxe4 Qxg4+) 33... exf3+ 34. Rxf3 Qc6 35. Bb2 {[#]} f5 $1 {[%mdl 576] Deflection} 36. gxf5 {next f6 is good for White.} h5 37. Kg3 h4+ 38. Kg2 {[#]} g4 $1 {[%mdl 512]} 39. hxg4 h3+ 40. Kg3 {[#]} h2 $1 {[%mdl 512]} 41. Re3 (41. Kxh2 Qxf3) 41... h1=Q {Black mates.} 42. Re7+ Kg8 {[%csl Gh1][%cal Rc6f3]} 43. Rg7+ Kf8 {Accuracy: White = 52%, Black = 92%.} 0-1

[Event "AUT-ch Open 2020"]
[Site "Graz"]
[Date "2020.02.18"]
[Round "5.2"]
[White "Shevchenko, Kirill"]
[Black "Burmakin, Vladimir"]
[Result "1-0"]
[WhiteElo "2580"]
[BlackElo "2514"]
[Annotator "TA"]
[PlyCount "107"]
[EventDate "2020.02.14"]
[EventType "swiss"]
[EventCountry "AUT"]
[SourceTitle "playchess.com"]
[Source "ChessBase"]
[SourceQuality "1"]

{[%evp 9,107,56,58,41,43,42,48,48,48,27,37,27,26,17,48,21,14,15,20,11,26,5,13,12,9,2,0,4,45,46,42,45,47,48,50,47,49,50,45,30,64,62,65,59,83,39,39,33,52,30,50,17,70,66,86,72,176,0,92,50,77,83,111,109,102,110,202,205,242,245,299,114,261,239,247,129,127,89,85,75,68,73,76,78,77,83,116,116,130,36,44,15,15,20,275,287,266,276,627,610]} 1. e4 d5 2. exd5 Qxd5 3. Nc3 Qd6 4. d4 Nf6 5. Nf3 c6 6. g3 {B01: Scandinavian Defence.} Bf5 7. Bg2 h6 8. O-O {White is slightly better.} e6 9. Ne2 Be7 10. c4 O-O 11. Nc3 Nbd7 12. c5 Qc7 {[#]} 13. Re1 $146 ({Predecessor:} 13. Bf4 Qc8 14. b4 Ne4 15. Nxe4 Bxe4 16. Qe2 Nf6 17. Be5 Rd8 18. a3 Bd5 19. Rfe1 {½-½ (26) Stojanovic,D (2479)-Milanovic,D (2500) Ruma 2017}) 13... Rfd8 {White should prevent ...Nxc5!} 14. Bf4 Qc8 15. b4 Nf8 16. Qb3 Ng6 17. Be3 Nd5 18. Nd2 Nxc3 19. Qxc3 Bf8 20. a4 Ne7 21. Nc4 Nd5 22. Qb3 Rb8 23. Rec1 Qd7 24. b5 f6 25. Bd2 Bg6 26. Ra2 Bf7 27. Qb2 Rbc8 28. Na5 Ne7 29. Be3 Nf5 30. Ra3 Ne7 ({Better is} 30... Re8 $11) 31. Rb3 $14 {Strongly threatening bxc6.} Nd5 32. Bd2 Ne7 (32... e5 $16 {is a better defense.}) 33. Be3 (33. bxc6 $18 bxc6 34. Nb7 Qxd4 35. Nxd8 Qxd8 36. a5) 33... Nd5 $1 $16 34. Rd3 (34. Bh3 {looks sharper.} Re8 35. bxc6 bxc6 36. Bd2 Ne7 37. Rb1) 34... Nxe3 35. Rxe3 Qxd4 36. Qxd4 Rxd4 37. Nxb7 cxb5 (37... e5 $16) 38. axb5 $18 Rb4 {[#]} 39. Bf1 $1 Ra4 40. Rd1 $2 (40. c6 $18 {has better winning chances.}) 40... e5 ({But not} 40... Bxc5 $2 41. Rc1 $18) (40... Rxc5 $16 41. Nxc5 Bxc5) 41. c6 Be6 42. Red3 ({White should try} 42. Ree1 $18) 42... Be7 $16 43. Bg2 Kf8 44. Bd5 Bf5 45. Rc3 $1 Rc7 46. Rc4 Ra3 47. Rcc1 $36 {[%mdl 2048] Black must now prevent Ra1. White is in control.} Bd3 {[#]} 48. Bc4 $1 {[%cal Rc4d3]} e4 49. Bxd3 ({White should play} 49. Kg2 $16) 49... exd3 $14 50. Nc5 Bxc5 $1 51. Rxc5 {And now Rd5 would win.} Ke7 $2 {[%mdl 8192]} (51... Kf7 $1 $11 {and Black is okay.}) 52. Rd5 $18 a6 53. Re1+ Kf8 $2 (53... Kf7 54. Rd7+ Rxd7 55. cxd7 d2 56. d8=N+ Kg8) 54. b6 {Accuracy: White = 73%, Black = 62%.} 1-0

[Event "AUT-ch Open 2020"]
[Site "Graz"]
[Date "2020.02.18"]
[Round "5.2"]
[White "Krasteva, Beloslava"]
[Black "Niedbala, Bartlomiej"]
[Result "1-0"]
[WhiteElo "2259"]
[BlackElo "2432"]
[Annotator "ChessBase"]
[PlyCount "138"]
[EventDate "2020.02.14"]
[EventType "swiss"]
[EventCountry "AUT"]
[SourceTitle "playchess.com"]
[Source "ChessBase"]
[SourceQuality "1"]
[TimeControl "40/5400+30:1800+30"]

1. d4 {[%emt 0:00:00]} e6 {[%emt 0:03:43]} 2. c4 {[%emt 0:00:25]} b6 {[%emt 0:00:48]} 3. Nc3 {[%emt 0:04:16]} Bb7 {[%emt 0:00:16]} 4. a3 {[%emt 0:05:49]} Nf6 {[%emt 0:04:56]} 5. e3 {[%emt 0:03:05]} d5 {[%emt 0:04:12]} 6. cxd5 {[%emt 0:04:28]} exd5 {[%emt 0:01:03]} 7. Bd3 {[%emt 0:01:38]} Bd6 {[%emt 0:00:53]} 8. Nge2 {[%emt 0:01:16]} O-O {[%emt 0:01:10]} 9. O-O {[%emt 0:02:07]} a6 {[%emt 0:06:00]} 10. Bd2 {[%emt 0:04:05]} Nbd7 {[%emt 0:02:31]} 11. Nf4 {[%emt 0:02:46]} c5 {[%emt 0:02:54]} 12. Qf3 {[%emt 0:03:19]} Qb8 {[%emt 0:16:37]} 13. Ncxd5 {[%emt 0:23:26]} Bxf4 {[%emt 0:08:32]} 14. Nxf6+ {[%emt 0:02:46]} Nxf6 {[%emt 0:00:52]} 15. Qxf4 {[%emt 0:00:07]} Qxf4 {[%emt 0:00:49]} 16. exf4 {[%emt 0:00:02]} Rfd8 {[%emt 0:03:27]} 17. Rad1 {[%emt 0:01:41]} Rd6 {[%emt 0:11:09]} 18. Bc3 {[%emt 0:07:48]} Rad8 {[%emt 0:01:12]} 19. Bc2 {[%emt 0:02:50]} cxd4 {[%emt 0:02:08]} 20. Bb4 {[%emt 0:00:09]} R6d7 {[%emt 0:10:01]} 21. Bf5 {[%emt 0:02:48]} Rc7 {[%emt 0:01:53]} 22. Rfe1 {[%emt 0:02:23]} Rd5 {[%emt 0:03:54]} 23. Bd3 {[%emt 0:03:09]} Rdd7 {[%emt 0:01:41]} 24. Bf5 {[%emt 0:05:58]} Rd5 {[%emt 0:00:10]} 25. Bd3 {[%emt 0:03:44]} g6 {[%emt 0:04:53]} 26. f3 {[%emt 0:03:37]} Rdd7 {[%emt 0:00:28]} 27. f5 {[%emt 0:00:50]} Kg7 {[%emt 0:02:09]} 28. fxg6 {[%emt 0:00:33]} hxg6 {[%emt 0:00:08]} 29. Bd2 {[%emt 0:00:56]} Nd5 {[%emt 0:00:15]} 30. Kf2 {[%emt 0:00:52]} f5 {[%emt 0:00:34]} 31. g3 {[%emt 0:01:05]} Kf7 {[%emt 0:02:11]} 32. h4 {[%emt 0:01:51]} Nf6 {[%emt 0:02:05]} 33. Bf4 {[%emt 0:00:38]} Rc8 {[%emt 0:00:27]} 34. Rc1 {[%emt 0:00:55]} Rxc1 {[%emt 0:01:02]} 35. Rxc1 {[%emt 0:00:06]} Ke6 {[%emt 0:01:02]} 36. Re1+ {[%emt 0:00:51]} Kf7 {[%emt 0:00:14]} 37. Bc4+ {[%emt 0:00:57]} Nd5 {[%emt 0:00:23]} 38. Be5 {[%emt 0:01:32]} b5 {[%emt 0:00:04]} 39. Bb3 {[%emt 0:00:41]} d3 {[%emt 0:00:28]} 40. Rd1 {[%emt 0:00:33]} Ke7 {[%emt 0:01:44]} 41. Rxd3 {[%emt 0:30:36]} Nb6 {[%emt 0:03:11]} 42. Rxd7+ {[%emt 0:00:00]} Nxd7 {[%emt 0:00:01]} 43. Bd4 {[%emt 0:00:00]} Nb8 {[%emt 0:01:56]} 44. Ke3 {[%emt 0:00:00]} Bc8 {[%emt 0:00:24]} 45. Kf4 {[%emt 0:00:00]} Be6 {[%emt 0:00:27]} 46. Bxe6 {[%emt 0:00:00]} Kxe6 {[%emt 0:00:40]} 47. Kg5 {[%emt 0:00:00]} Nc6 {[%emt 0:02:57]} 48. Bf6 {[%emt 0:00:00]} Kf7 {[%emt 0:00:19]} 49. h5 {[%emt 0:00:00]} gxh5 {[%emt 0:00:08]} 50. Kxf5 {[%emt 0:00:00]} a5 {[%emt 0:00:02]} 51. f4 {[%emt 0:00:00]} a4 {[%emt 0:00:53]} 52. Kg5 {[%emt 0:00:00]} b4 {[%emt 0:00:10]} 53. axb4 {[%emt 0:01:11]} Nxb4 {[%emt 0:00:38]} 54. Bd4 {[%emt 0:00:24]} Nd5 {[%emt 0:02:13]} 55. Kxh5 {[%emt 0:00:34]} Ke6 {[%emt 0:00:16]} 56. Kg5 {[%emt 0:00:52]} Ne7 {[%emt 0:00:57]} 57. g4 {[%emt 0:00:23]} Kf7 {[%emt 0:00:04]} 58. f5 {[%emt 0:00:52]} Nd5 {[%emt 0:00:00]} 59. Kh4 {[%emt 0:01:39]} Ne7 {[%emt 0:01:27]} 60. Kg3 {[%emt 0:00:18]} Nc6 {[%emt 0:00:06]} 61. Bc3 {[%emt 0:00:18]} Ne7 {[%emt 0:00:08]} 62. Kf3 {[%emt 0:00:21]} Nd5 {[%emt 0:00:56]} 63. Bd4 {[%emt 0:00:11]} Ne7 {[%emt 0:00:33]} 64. Ke4 {[%emt 0:00:09]} Ng8 {[%emt 0:00:04]} 65. g5 {[%emt 0:00:19]} Ne7 {[%emt 0:00:01]} 66. Bc3 {[%emt 0:00:28]} Ng8 {[%emt 0:00:34]} 67. g6+ {[%emt 0:00:58]} Kf8 {[%emt 0:00:04]} 68. f6 {[%emt 0:00:37]} Nh6 {[%emt 0:00:07]} 69. Kf4 {[%emt 0:00:11]} Ng8 {[%emt 0:00:43]} 1-0